A guide to collective bargaining law & wage negotiations in Zimbabwe / (Record no. 127757)

MARC details
000 -LEADER
fixed length control field 00775cam a22002415i 4500
008 - FIXED-LENGTH DATA ELEMENTS--GENERAL INFORMATION
fixed length control field
020 ## - INTERNATIONAL STANDARD BOOK NUMBER
International Standard Book Number 4577844559 (pbk.)
049 ## - LOCAL HOLDINGS (OCLC)
Holding library MAIN
090 ## - LOCALLY ASSIGNED LC-TYPE CALL NUMBER (OCLC); LOCAL CALL NUMBER (RLIN)
Classification number (OCLC) (R) ; Classification number, CALL (RLIN) (NR) KTZ137
Local cutter number (OCLC) ; Book number/undivided call number, CALL (RLIN) MUC
003 - CONTROL NUMBER IDENTIFIER
control field
005 - DATE AND TIME OF LATEST TRANSACTION
control field 20230123122109.0
040 ## - CATALOGING SOURCE
Transcribing agency NUST
100 1# - MAIN ENTRY--PERSONAL NAME
Personal name Mucheche, Caleb H.
245 12 - TITLE STATEMENT
Title A guide to collective bargaining law & wage negotiations in Zimbabwe /
Statement of responsibility, etc. by Caleb H. Mucheche.
250 ## - EDITION STATEMENT
Edition statement 2nd ed.
260 4# - PUBLICATION, DISTRIBUTION, ETC.
Place of publication, distribution, etc. Harare :
Name of publisher, distributor, etc. African Dominion Publications,
Date of publication, distribution, etc. May 2014.
300 ## - PHYSICAL DESCRIPTION
Extent 107 pages ;
Dimensions 23 cm
504 ## - BIBLIOGRAPHY, ETC. NOTE
Bibliography, etc. note Includes bibliographical references.
650 #0 - SUBJECT ADDED ENTRY--TOPICAL TERM
Topical term or geographic name entry element Collective labor agreements
Geographic subdivision Zimbabwe.
650 #0 - SUBJECT ADDED ENTRY--TOPICAL TERM
Topical term or geographic name entry element Wages
General subdivision Law and legislation
Geographic subdivision Zimbabwe.
907 ## - LOCAL DATA ELEMENT G, LDG (RLIN)
a .b10348633
b 27-10-14
c 27-10-14
942 ## - ADDED ENTRY ELEMENTS (KOHA)
Koha item type Ordinary Loan Books
Call number prefix KTZ137
Call number suffix MUC
Holdings
Date last seen Total Checkouts Full call number Barcode Cost, replacement price Price effective from Koha item type Lost status Source of classification or shelving scheme Damaged status Not for loan Collection Withdrawn status Home library Current library Shelving location Date acquired Cost, normal purchase price
01/23/2023 2 KTZ137 MUC 92004036942 80.00 01/23/2023 BOOKS   LCC     NFIC   MAIN MAIN GEN 01/23/2023 80.00